000 00352nam a22001577a 4500
003 SGT
020 _a9789383420544
082 _a614.1
_bF23K
100 _aKARMAKAR, R.N.
245 _aFORENSIC MEDICINE AND TOXICOLOGY
250 _a5TH
260 _aINDIA
_bACADEMIC PUB
_c2023
300 _a603
650 _aFORENSIC MEDICINE
942 _2ddc
_cBK
999 _c30752
_d30752